| 000 | 00940pam a2200193 a 4500 | ||
|---|---|---|---|
| 020 | _a0872629252 | ||
| 082 | 0 | 0 |
_a629.13634 _bAIR |
| 245 | 0 | 0 |
_aAirport pavement innovations--theory to practice : _bproceedings of the conference / _csponsored by the Airfield Pavement Committee, Air Transport Division, American Society of Civil Engineers ; hosted by the Pavement Systems Division, Waterways Experiment Station, Vicksburg, Mississippi, September 8-10, 1993 ; edited by Jim W. Hall, Jr. |
| 260 |
_aNew York, N.Y. : _bAmerican Society of Civil Engineers, _cc1993. |
||
| 300 |
_avi, 423 p. : _bill. ; _c22 cm. |
||
| 526 |
_a0 _b0 _c0 _d629_136340000000000_AIR |
||
| 650 | 0 |
_aAirports. _920052 |
|
| 650 | 0 |
_aMCE _9379 |
|
| 650 | 0 |
_aPavements _xDesign and construction _xCongresses. _938326 |
|
| 650 | 0 |
_aRunways (Aeronautics) _xCongresses. |
|
| 700 | 1 |
_aHall, Jim W. _946729 |
|
| 710 | 2 |
_aAmerican Society of Civil Engineers. _9702 |
|
| 942 |
_2ddc _cBK |
||
| 999 |
_c549986 _d549986 |
||